Modern English in action, practice, level 12 / (Record no. 112931)
[ view plain ]
| 000 -LEADER | |
|---|---|
| fixed length control field | 00537nam a2200181 a 4500 |
| 001 - CONTROL NUMBER | |
| control field | 2219 |
| 005 - DATE AND TIME OF LATEST TRANSACTION | |
| control field | 20140414131956.0 |
| 008 - FIXED-LENGTH DATA ELEMENTS--GENERAL INFORMATION | |
| fixed length control field | 001111s19uu xx 00 eng d |
| 020 ## - INTERNATIONAL STANDARD BOOK NUMBER | |
| International Standard Book Number | 0-669-00772-2 |
| 050 ## - LIBRARY OF CONGRESS CALL NUMBER | |
| Classification number | TR 372.6 |
| Item number | H73 1978 |
| 100 ## - MAIN ENTRY--PERSONAL NAME | |
| Personal name | Holmes, Stewart W. |
| 245 ## - TITLE STATEMENT | |
| Title | Modern English in action, practice, level 12 / |
| Statement of responsibility, etc | stewart W. Holmes. |
| 250 ## - EDITION STATEMENT | |
| Edition statement | Teacher's edition |
| 260 ## - PUBLICATION, DISTRIBUTION, ETC. (IMPRINT) | |
| Place of publication, distribution, etc | Lexington, MA : |
| Name of publisher, distributor, etc | D. C. Heath & Co, |
| Date of publication, distribution, etc | 1978. |
| 300 ## - PHYSICAL DESCRIPTION | |
| Extent | 171 p. ; cm. |
| 650 ## - SUBJECT ADDED ENTRY--TOPICAL TERM | |
| Topical term or geographic name as entry element | English language |
| General subdivision | Study and teaching. |
| Withdrawn status | Lost status | Damaged status | Home library | Current library | Shelving location | Date acquired | Source of acquisition | Total Checkouts | Full call number | Barcode | Date last seen | Price effective from | Koha item type |
|---|---|---|---|---|---|---|---|---|---|---|---|---|---|
| Munich Library | Munich Library | Teachers Reference Section | 05/26/2005 | TR 372.6 H73 1978 | M4352 | 04/14/2014 | 04/14/2014 | Books |